<?xml version="1.0" encoding="UTF-8"?>
<record
    xmlns:xsi="http://www.w3.org/2001/XMLSchema-instance"
    xsi:schemaLocation="http://www.loc.gov/MARC21/slim http://www.loc.gov/standards/marcxml/schema/MARC21slim.xsd"
    xmlns="http://www.loc.gov/MARC21/slim">

  <leader>01525nam a22002177a 4500</leader>
  <controlfield tag="003">OSt</controlfield>
  <controlfield tag="005">20220712103913.0</controlfield>
  <controlfield tag="008">140619b        xxu||||| |||| 00| 0 eng d</controlfield>
  <datafield tag="020" ind1=" " ind2=" ">
    <subfield code="a">9781408093757</subfield>
  </datafield>
  <datafield tag="040" ind1=" " ind2=" ">
    <subfield code="c">LC</subfield>
  </datafield>
  <datafield tag="050" ind1=" " ind2=" ">
    <subfield code="a">HB139.W87</subfield>
  </datafield>
  <datafield tag="100" ind1=" " ind2=" ">
    <subfield code="q">Wooldridge, Jeffery M.</subfield>
  </datafield>
  <datafield tag="245" ind1=" " ind2=" ">
    <subfield code="a">Introduction to econometrics /</subfield>
    <subfield code="c">Jeffrey M. Wooldridge.</subfield>
  </datafield>
  <datafield tag="250" ind1=" " ind2=" ">
    <subfield code="a">Europe, Middle East, &amp; Africa ed.</subfield>
  </datafield>
  <datafield tag="260" ind1=" " ind2=" ">
    <subfield code="a">London :</subfield>
    <subfield code="b">Cengage Learning EMEA,</subfield>
    <subfield code="c">2014.</subfield>
  </datafield>
  <datafield tag="300" ind1=" " ind2=" ">
    <subfield code="a">xvii, 603 p.:</subfield>
    <subfield code="b">ill.:</subfield>
  </datafield>
  <datafield tag="500" ind1=" " ind2=" ">
    <subfield code="a">Includes bibliographic references, glossary and index.</subfield>
  </datafield>
  <datafield tag="505" ind1=" " ind2=" ">
    <subfield code="a">Contents: The nature of econometrics and economic data -- The simple regression model -- Multiple regression analysis; estimation --   Multiple regression analysis: inference -- Multiple regression analysis: OLS asymtotics -- Multiple regression analysis: further issues -- Multiple regression analysis with qualitative information: binary (or dummy) variables -- Heteroskedasticity -- More on specification and data issues -- Basic regression analysis with time series data -- Further issues in using OLS with time series data -- Serial correlation and hetoroskedasticity in time series regressions -- Pooling cross sections across time -- Advanced panel data methods -- Instrumental variables estimation an two stage least squares -- Simultaneous equations models -- Limited dependent variable models and sample selection corrections -- Advanced time series topics -- Carrying out an empirical project.</subfield>
  </datafield>
  <datafield tag="653" ind1=" " ind2=" ">
    <subfield code="a">Econometrics</subfield>
  </datafield>
  <datafield tag="942" ind1=" " ind2=" ">
    <subfield code="2">lcc</subfield>
    <subfield code="c">BK</subfield>
  </datafield>
  <datafield tag="999" ind1=" " ind2=" ">
    <subfield code="c">8600</subfield>
    <subfield code="d">16100</subfield>
  </datafield>
  <datafield tag="952" ind1=" " ind2=" ">
    <subfield code="0">0</subfield>
    <subfield code="1">0</subfield>
    <subfield code="2">lcc</subfield>
    <subfield code="4">0</subfield>
    <subfield code="7">0</subfield>
    <subfield code="a">WIUC-1</subfield>
    <subfield code="b">WIUC-1</subfield>
    <subfield code="c">REF</subfield>
    <subfield code="d">2022-02-02</subfield>
    <subfield code="o">HB139.W87</subfield>
    <subfield code="p">8975/426/22</subfield>
    <subfield code="r">2022-02-02 00:00:00</subfield>
    <subfield code="t">1</subfield>
    <subfield code="w">2022-02-02</subfield>
    <subfield code="y">BK</subfield>
  </datafield>
  <datafield tag="952" ind1=" " ind2=" ">
    <subfield code="0">0</subfield>
    <subfield code="1">0</subfield>
    <subfield code="2">lcc</subfield>
    <subfield code="4">0</subfield>
    <subfield code="7">0</subfield>
    <subfield code="a">WIUC-1</subfield>
    <subfield code="b">WIUC-1</subfield>
    <subfield code="c">REF</subfield>
    <subfield code="d">2022-02-02</subfield>
    <subfield code="o">HB139.W871</subfield>
    <subfield code="p">8976/427/22</subfield>
    <subfield code="r">2022-02-02 00:00:00</subfield>
    <subfield code="t">2</subfield>
    <subfield code="w">2022-02-02</subfield>
    <subfield code="y">BK</subfield>
  </datafield>
  <datafield tag="952" ind1=" " ind2=" ">
    <subfield code="0">0</subfield>
    <subfield code="1">0</subfield>
    <subfield code="2">lcc</subfield>
    <subfield code="4">0</subfield>
    <subfield code="7">0</subfield>
    <subfield code="a">WIUC-1</subfield>
    <subfield code="b">WIUC-1</subfield>
    <subfield code="c">REF</subfield>
    <subfield code="d">2022-02-02</subfield>
    <subfield code="o">HB139.W872</subfield>
    <subfield code="p">8977/428/22</subfield>
    <subfield code="r">2022-02-02 00:00:00</subfield>
    <subfield code="t">3</subfield>
    <subfield code="w">2022-02-02</subfield>
    <subfield code="y">BK</subfield>
  </datafield>
</record>
